Qui a dit ? Rap Francophone #2 - Statistiques

Statistiques générales
  • Ce quiz a été pris 43 fois
  • Le résultat moyen est 4 sur 20
Statistiques - réponses
Paroles Artistes % Correct
"Y a d'la drogua d'Acapulco, c'est d'la bonne jaune fraîche comme du Pulco Vu la qualité, j'en mets un poquito, on arrange personne même si t'es l'poto Vroum vroum dans la couette, j'fais du tam-tam, j'tire ses couettes J'm'invite à ta fête, vas-y j'débarque, j'arrive tout d'suite" Gambi
62%
"C'est nous deux, c'est l'heure, nous deux, dans la pièce principale ou dans la salle de bains Franchement, j'en ai rien à foutre J'vois tes formes, tu tiens les rênes et t'aimes serrer fort, pas brasser l'air" SCH
51%
"Concu’, sans aucun stress, on les terrasse, berline noire sur noire comme un agent fédéral (Sku) Négro, pour percer, toi, t'attends un pacte, j'attends l'facteur négro, j’attends un pack" Freeze Corleone
46%
"Mon client s'étouffe et toi, tu t'étouffes sur la queue d'ton client (sur la queue d'ton client) Le goût de Cali dans la taffe, j'défends mon bât' sans aucun bouclier Mais c'est ta team que j'vois, j'tire deux coups dans l'impasse Mais c'est ta girl que j'vois, j'mets deux rounds dans sa chatte" Zola
46%
"Elle te dit qu'elle veut un bébé mais si par malheur tu ber-tom, elle te trompera au bout d'deux ois-m (deux ois-m) Il m'faut des Glock, il m'faut une baraque d'architecte Kich' sur té-c', moi aussi j'te déteste, vise des têtes, paraît qu'toi tu veux testes" Gazo
38%
"On coupait la moitié de la moitié (La moitié) Moi qui croyait que la hess m'avait maudit sale (Maudit sale) Mais à vrai dire, notre amitié (notre amitié) Elle vaut rien de plus que de l'argent sale" Koba LaD
24%
"Les crocs, j'veux manger, c'est mort, j'recule pas d'vant l'danger
J'me pète le vide, j'fais du gras, t'es mon re-frè, direct, moi, j'te donne quand j'ai
Studio, j'rec pour survivre donc toi, viens même pas m'parler d'congé
Fuck un schmitt, fuck un keuf qui réveille ma daronne, gros, fuck les condés"
Favé
22%
"Et j'sais qu'ils aiment pas quand on sourit, yeah
Ma maman disait vrai, donc on s'fait discret
J'ai le cœur si frais, viens plonger dans l'ivresse, viens, on oublie tout deux l'après"
OBOY
22%
"J'viens du bassin parisien, j'te r'garde de haut et j'suis pas sympathique J'fais pas le rap que ces catins pratiquent Très peu probable que je tape un platine, faut que j'fasse un classique Sur mon chapeau : soit du renard, soit du castor, j'ai le swag du cador" Alpha Wann
16%
"Trop d'histoires noires, gros si j'pouvais t'les cracher
Y'aurait quatre mixtapes, de quoi t'écorcher la trachée
Ouais, les corps gèlent attachés, j'me déter' seul
Tu veux tempête untel gros, tu vas péter l’seum"
Népal
14%
"Visière fumée quand je passe tu stresses Fais gaffe ça braque y'a des mecs sous cess Mais qu'est-ce qui passe j'suis en fumette J'vois des civ' qui passent qui entourent la tess" Jul
11%
"Ils ont pas l'flow d'dix canettes (Même pas), le talent paye, au moins il m'faut plus d'10k net De te-sh', j'ai tout l'kit, on sort du bas-fond comme des Krakens ou des pieuvres" Osirus Jack
11%
"Holà, holà, holà, holà, criminel depuis l'escuela J'rentre ma sacoche même dans le sauna, seul l'enfer nous impressionna Que des frères sur l'même gâteau, si t'as fait rompre le traito Devoir te faire c'est un cadeau, hijo puta, yo te mato" Lacrim
8%
"J'fais pas semblant, j'les aime pas comme paire de fake sur oi-m Misent tout sur le jeune métisse ambitieux grave 22 les BACqueux, on fait du pe-ra mais pas que 31 bien sur la plaque, mets de l'impact, tout dans l’attaque, fais la passe, eh-eh" Laylow
8%
"Moi, j’suis qu’un jeune blanc en panne, qui est tombé jeune dans l’bad
J’ai eu mal et je m’plains pas, j’ai eu mal et j’aime pas en parler
J’ai lâché les études, maintenant, j’ai les regrets
Mais là, j’ai du mal à recréer ma vie comme un jeu, l'temps passe"
Bekar
5%
"J'ai des plans machiavéliques dans ma cave comme si j'étais Gru Elle kiffe trop l'flow Detroit elle trouve ça groovy moi je trouve ça fou Le dick-eating il est crazy mais bâtard on est où ? Le frérot t'as cru c'est Jay-Z mais en fait c'est Poutou" Gemroz
5%
"Mes défauts, j'les aime trop, j'enchaîne les soirées technos Grâce à vous et grâce à moi, mama a fait sa Omra Dans ma kichta y a des yens, des dollars, des C.F.A J'me déplace en trottinette, pas pour des clopinettes" Zuukou Mayzie
5%
"J'ai des ex passables qui sont devenues grave mignonnes Et des ex passables qui sont restées passables Certaines veulent qu'on se rafistole D'autres voudraient m'voir ligoté, camisolé" Spider ZED
3%
Baby tu sais que toutes les fleurs se fanent Avec elle j'ai saturé comme si c'était d'ma f- Et lahuiss il a parlé il pensait couvrir par la honte Nous on fait tout pour la cause abel31
0%
"Tu joues l'Pablo, mais on sait qui t'es
T'as poucave ton kho pour un 10g (poukie)
On a grandi dans la, on a trainé devant l'bloc
Tu joues les indics' devant le proc' donc tu vas danser devant le Glock"
Ashe22
0%
Aucun quiz correspondant
Distribution des résultats
% des personnes avec chaque résultat
Percentile par nombre de réponses
Votre historique - résultats
Vous n’avez pas pris ce quiz